000
00287nam a2200121Ia 4500
008
211105s9999 xx 000 0 und d
020
_a
VYASA00306
100
_a
Keesing Elisabeth
245
2
_a
A Sufi Master Answers
250
_a
\N
260
_b
Motilal banarsidass
_c
\N
300
_a
262p.
999
_c
7327
_d
7327